the thundermans - Statistics

General Stats
  • This quiz has been taken 1,363 times
  • The average score is 6 of 12
Answer Stats
Hint Answer % Correct
older brother Max
96%
younger sister Nora
87%
younger brother Billy
86%
youngest sister Chloe
71%
older sister Pheobe
54%
dad superhero name Thunderman
50%
older sisters boyfriend Link
40%
older sisters best friend Cherry
31%
mom superhero name Electris
26%
super president.... kickbutt
22%
pizza palace owner Mrs.Wong
16%
bunny Dr.Colasso
5%
No matching quizzes found
Score Distribution
Percent of People with Each Score
Percentile by Number Answered
Your Score History
You have not taken this quiz